000 00342cam a2200145ua 4500
041 _aeng
_h
082 _a917.3
_bGUN/IN
100 _aGunther, John .
245 _aInside USA /
_cJohn Gunther.
_hTextual Documents
260 _aLondon :
_bHamish Hamilton ,
_c196.
300 _a1121 ; .
504 _a
942 _cBK
999 _c6293
_d6293